000 00597nam a22001817a 4500
003 OSt
005 20250709022513.0
008 250709b |||||||| |||| 00| 0 eng d
040 _aDWC-Main Lib
_cOC
082 _aFil. 658.15 A668f 2003
100 _aArcelo , Adriano A.
245 _aFinancial management in education/
_cAdriano A. Arcelo
260 _aZamboanga City, Philippines:
_bZamboanga A. E. Colleges,
_cc2003.
300 _avii, 382 pages:
_billustrations;
_c23cm.
504 _aIncludes bibliography and index.
650 _a1. Financial management.
942 _2ddc
_cBK - FIL
_kFil.
_n0
999 _c3515
_d3515